<?xml version="1.0" encoding="UTF-8"?>
<record
    xmlns:xsi="http://www.w3.org/2001/XMLSchema-instance"
    xsi:schemaLocation="http://www.loc.gov/MARC21/slim http://www.loc.gov/standards/marcxml/schema/MARC21slim.xsd"
    xmlns="http://www.loc.gov/MARC21/slim">

  <leader>04443cam a22005294i 4500</leader>
  <controlfield tag="003">PE-LiUPU</controlfield>
  <controlfield tag="005">20251015094308.0</controlfield>
  <controlfield tag="008">150617s                r     000 0 eng d</controlfield>
  <datafield tag="035" ind1=" " ind2=" ">
    <subfield code="a">(Sirsi) i9788427114357</subfield>
  </datafield>
  <datafield tag="040" ind1=" " ind2=" ">
    <subfield code="a">PE-LiUPU</subfield>
    <subfield code="b">spa</subfield>
    <subfield code="c">PE-LiUPU</subfield>
    <subfield code="e">rda</subfield>
    <subfield code="d">PE-LiUPU</subfield>
  </datafield>
  <datafield tag="049" ind1=" " ind2=" ">
    <subfield code="a">PRUA</subfield>
  </datafield>
  <datafield tag="082" ind1="0" ind2="4">
    <subfield code="a">270.6</subfield>
    <subfield code="b">M379</subfield>
    <subfield code="2">21</subfield>
  </datafield>
  <datafield tag="245" ind1="1" ind2="0">
    <subfield code="a">Martin Luther :</subfield>
    <subfield code="b">treasures of the Reformation /</subfield>
    <subfield code="c">State Office for Heritage Management and Archaeology Saxony-Anhalt--State Museum of Prehistory, Luther Memorials Foundation of Saxony-Anhalt, Stiftung Deutsches Historisches Museum, Foundation Schloss Friedenstein Gotha, Minneapolis Institute of Art, the Morgan Library &amp; Museum ; [volume editor], Katrin Herbst.</subfield>
  </datafield>
  <datafield tag="264" ind1=" " ind2="1">
    <subfield code="a">[Dresden] :</subfield>
    <subfield code="b">Sandstein Verlag,</subfield>
    <subfield code="c">[2016].</subfield>
  </datafield>
  <datafield tag="300" ind1=" " ind2=" ">
    <subfield code="a">503 p&#xE1;ginas :</subfield>
    <subfield code="c">ilustraciones (principalmente a color) ;</subfield>
    <subfield code="b">31 cent&#xED;metros.</subfield>
  </datafield>
  <datafield tag="336" ind1=" " ind2=" ">
    <subfield code="a">text</subfield>
    <subfield code="2">rdacontent</subfield>
  </datafield>
  <datafield tag="337" ind1=" " ind2=" ">
    <subfield code="a">unmediated</subfield>
    <subfield code="2">rdamedia</subfield>
  </datafield>
  <datafield tag="338" ind1=" " ind2=" ">
    <subfield code="a">volume</subfield>
    <subfield code="2">rdacarrier</subfield>
  </datafield>
  <datafield tag="500" ind1=" " ind2=" ">
    <subfield code="a">Catalogue of the exhibitions "Martin Luther: Art and the Reformation," held at the Minneapolis Institute of Art, October 30, 2016-January 15, 2017; "Word and Image: Martin Luther's Reformation," held at the Morgan Library &amp; Museum, New York, October 7, 2016-January 22, 2017; and "Law and Grace: Martin Luther, Lucas Cranach, and the Promise of Salvation," held at the Pitts Theology Library, Emory University, Atlanta, October 11, 2016-January 16, 2017, all part of the exhibition project "Here I Stand.</subfield>
  </datafield>
  <datafield tag="500" ind1=" " ind2=" ">
    <subfield code="a"> Issued in slipcase with companion publication: Martin Luther and the Reformation.</subfield>
  </datafield>
  <datafield tag="504" ind1=" " ind2=" ">
    <subfield code="a">Incluye referencias bibliogr&#xE1;ficas e &#xED;ndice (p&#xE1;ginas 456-480)</subfield>
  </datafield>
  <datafield tag="505" ind1="0" ind2=" ">
    <subfield code="a">Finding Luther. The Luther family in Mansfield. The "Luther Pit" in Mansfield: what their garbage tells us about the Luther Family. The Counts of Mansfield and the copper shale mines of Mansfield. Dawn of a new era -- II. Wordly power and courtly art. The emperor and the papacy. The joint exercise of clerical and wordly power. The rulers of Saxony. The Cranach Family in Wittenberg -- III. Pre-Reformation piety. Parochial churches and divine service prior to the Reformation. Piety in the late Middle Ages. The system of indulgences in the Catholic Church -- IV. Luther as a monk, scholar, and preacher. Luther's academic background. Leucorea. The Ninety-five theses. From likeness to image: early portraits of Luther. The Imperial Diet of Worms -- V. Luther's theology. Sola fide--justification by faith alone. Law and grace--a pictorial subject of the Reformation. The Eucharist. Luther's translation of the Bible -- VI. Luther in Wittenberg. Hitched with Luther: the marriage between Katharina von Bora and Martin Luther. Katharina von Bora (1499-1552). A convent turned reformer's home: how did Martin Luther live? Luther's fellow reformers. Printing in Wittenberg. Poverty and charity in the age of Reformation. The role of music in the Reformation -- VII. Polemics and conflicts. The peasants' uprising in Germany. Satirical and polemical woodcuts. Iconoclasm in Wittenberg: a myth? The Schmalkaldic League. Luther the hater -- VIII. Luther's legacy. The death of Martin Luther. In memory of Luther: museum, memorial, and relic. The consequences of the Reformation -- Traces of the Reformation.</subfield>
  </datafield>
  <datafield tag="526" ind1=" " ind2=" ">
    <subfield code="a">SEG42</subfield>
  </datafield>
  <datafield tag="526" ind1=" " ind2=" ">
    <subfield code="a">SEG41</subfield>
  </datafield>
  <datafield tag="526" ind1=" " ind2=" ">
    <subfield code="a">SEG40</subfield>
  </datafield>
  <datafield tag="526" ind1=" " ind2=" ">
    <subfield code="a">SEG39</subfield>
  </datafield>
  <datafield tag="526" ind1=" " ind2=" ">
    <subfield code="a">P94</subfield>
  </datafield>
  <datafield tag="526" ind1=" " ind2=" ">
    <subfield code="a">P87</subfield>
  </datafield>
  <datafield tag="526" ind1=" " ind2=" ">
    <subfield code="a">P86</subfield>
  </datafield>
  <datafield tag="526" ind1=" " ind2=" ">
    <subfield code="a">P85</subfield>
  </datafield>
  <datafield tag="526" ind1=" " ind2=" ">
    <subfield code="a">P77</subfield>
  </datafield>
  <datafield tag="526" ind1=" " ind2=" ">
    <subfield code="a">P76</subfield>
  </datafield>
  <datafield tag="526" ind1=" " ind2=" ">
    <subfield code="a">P35</subfield>
  </datafield>
  <datafield tag="600" ind1=" " ind2="0">
    <subfield code="a">Lutero, Mart&#xED;n,</subfield>
    <subfield code="d">1483-1546.</subfield>
    <subfield code="v">Exhibiciones.</subfield>
    <subfield code="9">1490</subfield>
  </datafield>
  <datafield tag="650" ind1="1" ind2="0">
    <subfield code="a">Reforma</subfield>
    <subfield code="v">Exhibiciones.</subfield>
    <subfield code="9">1623</subfield>
  </datafield>
  <datafield tag="700" ind1="1" ind2=" ">
    <subfield code="a">Herbst, Katrin,</subfield>
    <subfield code="e">editor.</subfield>
    <subfield code="9">3741</subfield>
  </datafield>
  <datafield tag="710" ind1=" " ind2=" ">
    <subfield code="a">Landesamt f&#xFC;r Denkmalpflege und Arch&#xE4;ologie Sachsen-Anhalt--Landesmuseum f&#xFC;r Vorgeschichte,</subfield>
    <subfield code="e">organismo emisor.</subfield>
    <subfield code="9">3742</subfield>
  </datafield>
  <datafield tag="710" ind1=" " ind2=" ">
    <subfield code="a">Deutsches Historisches Museum,</subfield>
    <subfield code="e">organismo emisor.</subfield>
    <subfield code="9">3744</subfield>
  </datafield>
  <datafield tag="710" ind1=" " ind2=" ">
    <subfield code="a">Forschungs- und Landesbibliothek Gotha,</subfield>
    <subfield code="e">organismo emisor.</subfield>
    <subfield code="9">3745</subfield>
  </datafield>
  <datafield tag="710" ind1=" " ind2=" ">
    <subfield code="a">Minneapolis Institute of Art,</subfield>
    <subfield code="e">organismo emisor</subfield>
    <subfield code="e">instituci&#xF3;n anfitriona.</subfield>
    <subfield code="9">3746</subfield>
  </datafield>
  <datafield tag="710" ind1=" " ind2=" ">
    <subfield code="a">Pierpont Morgan Library,</subfield>
    <subfield code="e">organismo emisor</subfield>
    <subfield code="e">instituci&#xF3;n anfitriona.</subfield>
    <subfield code="9">3747</subfield>
  </datafield>
  <datafield tag="710" ind1=" " ind2=" ">
    <subfield code="a">Pitts Theology Library,</subfield>
    <subfield code="e">instituci&#xF3;n anfitriona.</subfield>
    <subfield code="9">3748</subfield>
  </datafield>
  <datafield tag="730" ind1=" " ind2=" ">
    <subfield code="a">Martin Lutero y la Reforma.</subfield>
    <subfield code="9">3743</subfield>
  </datafield>
  <datafield tag="942" ind1=" " ind2=" ">
    <subfield code="2">ddc</subfield>
    <subfield code="c">BK</subfield>
    <subfield code="n">0</subfield>
  </datafield>
  <datafield tag="980" ind1=" " ind2=" ">
    <subfield code="8">18226</subfield>
    <subfield code="g">Jaime Vilcaz&#xE1;n Jefe de An&#xE1;lisis Documental</subfield>
    <subfield code="6">18226</subfield>
    <subfield code="a">Jaime Vilcaz&#xE1;n Jefe de An&#xE1;lisis Documental</subfield>
  </datafield>
  <datafield tag="999" ind1=" " ind2=" ">
    <subfield code="c">62316</subfield>
    <subfield code="d">62315</subfield>
  </datafield>
  <datafield tag="952" ind1=" " ind2=" ">
    <subfield code="r">2025-12-02 00:00:00</subfield>
    <subfield code="l">0</subfield>
    <subfield code="o">270.6 M379</subfield>
    <subfield code="p">81923</subfield>
    <subfield code="t">e1</subfield>
    <subfield code="v">35.00</subfield>
    <subfield code="w">2024-02-22</subfield>
    <subfield code="x">FT</subfield>
    <subfield code="y">BK</subfield>
    <subfield code="1">0</subfield>
    <subfield code="2">ddc</subfield>
    <subfield code="5">0</subfield>
    <subfield code="7">0</subfield>
    <subfield code="8">GEN</subfield>
    <subfield code="f">P35</subfield>
    <subfield code="a">BUL</subfield>
    <subfield code="b">BUL</subfield>
    <subfield code="c">GEN</subfield>
    <subfield code="d">2022-01-03</subfield>
    <subfield code="e">Donaci&#xF3;n</subfield>
  </datafield>
</record>
